Advances in Organometallic Chemistry Volume 28
Salvato in:
| Altri autori: | , |
|---|---|
| Natura: | Libro |
| Lingua: | inglese |
| Pubblicazione: |
Orlando
Academic Press
1988
|
| Soggetti: | |
| Accesso online: | Visualizza in OPAC |
| Tags: |
Nessun Tag, puoi essere il primo ad aggiungerne!!
|
MARC
| LEADER | 00000nam a2200000 a 4500 | ||
|---|---|---|---|
| 005 | 20260127134058.0 | ||
| 008 | 090601 1988 xxu 000 0 eng d | ||
| 020 | |a 0120311283 | ||
| 035 | |a vtls009519832 | ||
| 039 | 9 | |y 200906011118 |z mschk03 | |
| 040 | |a STUSCHK1 |b slo |c STUSCHK1 |e AACR2 | ||
| 080 | |a 547.1´13 | ||
| 245 | 1 | |a Advances in Organometallic Chemistry |n Volume 28 |c edited by F.G.A. Stone, Robert West | |
| 260 | |a Orlando |b Academic Press |c 1988 | ||
| 300 | |a vi, 471 s. |b il. |c 23,5 cm | ||
| 650 | 0 | |a organometallic | |
| 650 | 0 | |a organometallic Sonochemistry | |
| 700 | 1 | |a Stone, F.G.A. |4 edt | |
| 700 | 1 | |a West, Robert |4 edt | |
| 910 | |a SCHK95 | ||
| 919 | |a 0-12-031128-3 | ||
| 999 | |c 3568 |d 3568 | ||